[Event "Cairo Egyptian op"]
[Site "Cairo"]
[Date "2016.04.27"]
[Round "8"]
[White "Ismail, Youssef"]
[Black "Allam, Emad Hamdy"]
[Result "0-1"]
[WhiteElo "2164"]
[BlackElo "2030"]
[PlyCount "78"]
[EventDate "2016.04.22"]
[EventType "swiss"]
[EventRounds "9"]
[EventCountry "EGY"]
[SourceTitle "CBM 172 Extra"]
[Source "ChessBase"]
[SourceDate "2016.06.21"]
[SourceVersion "1"]
[SourceVersionDate "2016.06.21"]
[SourceQuality "1"]

1. Nf3 c5 2. e3 g6 3. d4 Bg7 4. c4 Nf6 5. Nc3 0-0 6. Be2 d6 7. 0-0 Nc6 8. d5 Ne5 9. Nxe5 dxe5 10. e4 Ne8 11. Be3 b6 12. a3 f5 13. f3 Bd7 14. b4 Qc7 15. Qb3 Nd6 16. Rfc1 a6 17. Bd3 f4 18. Bf2 g5 19. Qd1 h5 20. Be2 Rf6 21. bxc5 bxc5 22. Na4 Bxa4 23. Qxa4 g4 24. Qc2 Rg6 25. Kh1 g3 26. Bg1 gxh2 27. Bf2 Bf6 28. Rab1 Kh8 29. Qa4 Rag8 30. Bf1 Nf7 31. Qc6 Qd8 32. Qxc5 Ng5 33. Bh4 Nxe4 34. Bxf6+ Nxf6 35. Rb7 e4 36. fxe4 f3 37. gxf3 Qf8 38. Qe3 Qg7 39. Qf4 Rg1+ 0-1

[Event "Cairo Egyptian op"]
[Site "Cairo"]
[Date "2016.04.23"]
[Round "2"]
[White "Allam, Emad Hamdy"]
[Black "Ameir, Moheb"]
[Result "0-1"]
[WhiteElo "2030"]
[BlackElo "2430"]
[PlyCount "154"]
[EventDate "2016.04.22"]
[EventType "swiss"]
[EventRounds "9"]
[EventCountry "EGY"]
[SourceTitle "CBM 172 Extra"]
[Source "ChessBase"]
[SourceDate "2016.06.21"]
[SourceVersion "1"]
[SourceVersionDate "2016.06.21"]
[SourceQuality "1"]

1. c4 g6 2. g3 c5 3. Bg2 Bg7 4. Nc3 Nc6 5. d3 e6 6. e4 Nge7 7. Nge2 a6 8. Be3 Nd4 9. Rb1 Nec6 10. a3 0-0 11. b4 cxb4 12. axb4 Nxe2 13. Nxe2 d5 14. exd5 exd5 15. cxd5 Ne7 16. Qb3 Nf5 17. 0-0 Re8 18. Be4 Nxe3 19. fxe3 Qb6 20. Nf4 Qxe3+ 21. Kh1 Bg4 22. d6 Rad8 23. Ng2 Qb6 24. Qxf7+ Kh8 25. Qxb7 Qxb7 26. Bxb7 Rxd6 27. Be4 Rb8 28. Ne3 Be6 29. Nc4 Rd4 30. Rfc1 Rf8 31. b5 axb5 32. Rxb5 Bh6 33. Rc2 Bg4 34. Rb1 Rxe4 35. dxe4 Bf3+ 36. Kg1 Bxe4 37. Rcb2 Bg7 38. Rd1 Bxb2 39. Nxb2 Rc8 40. Nd3 Rc3 41. Nf2 Bf3 42. Re1 Rc2 43. Ra1 Kg7 44. Re1 Kf6 45. Ra1 Rb2 46. Re1 Ra2 47. Rc1 g5 48. Rf1 Kg6 49. Rc1 h5 50. Re1 h4 51. Rc1 Kh5 52. Re1 Ra3 53. Rc1 Ba8 54. gxh4 gxh4 55. Rc5+ Kg6 56. Kf1 Bf3 57. Rc1 Kf5 58. Rc5+ Kf4 59. Rc4+ Ke3 60. Rc1 Kd2 61. Rb1 Ra5 62. Nh3 Be4 63. Rb4 Ke3 64. Rb3+ Bd3+ 65. Kg2 Rf5 66. Ra3 Rf8 67. Rxd3+ Kxd3 68. Nf2+ Ke3 69. Ng4+ Kf4 70. h3 Ra8 71. Nf2 Ra2 72. Kg1 Kg3 73. Ne4+ Kxh3 74. Kf1 Ra4 75. Nc3 Ra3 76. Nb5 Ra1+ 77. Kf2 Kg4 0-1